Southville International School and Colleges
Your cart is empty.
  • Cart
  • Lists
    Public lists Eva Luna New books Lux_list list_1
    Your lists Log in to create your own lists
  • Log in to your account
  • Your cookies
  • Search history
Southville International School and Colleges
  • Advanced search
  • Recent comments
  • Most popular
  • Libraries

Log in to your account

Log in with GOOGLE


If you do not have an external account, but do have a local account, you can still log in:

  1. Home
  2. MARC view: Moses in the bulrushes /
Normal view MARC view ISBD view

Moses in the bulrushes / (Record no. 103423)

[ view plain ]
MARC details
000 -LEADER
fixed length control field 00732nam a2200217 a 4500
005 - DATE AND TIME OF LATEST TRANSACTION
control field 20140412111301.0
008 - FIXED-LENGTH DATA ELEMENTS--GENERAL INFORMATION
fixed length control field 001111s19uu xx 00 eng d
020 ## - INTERNATIONAL STANDARD BOOK NUMBER
International Standard Book Number 0-689-71553-6
050 ## - LIBRARY OF CONGRESS CALL NUMBER
Classification number M 222.11
Item number H88 1986
100 ## - MAIN ENTRY--PERSONAL NAME
Personal name Hutton, Warwick
245 ## - TITLE STATEMENT
Title Moses in the bulrushes /
Statement of responsibility, etc retold and illustrated by Warwick Hutton.
260 ## - PUBLICATION, DISTRIBUTION, ETC. (IMPRINT)
Place of publication, distribution, etc New York :
Name of publisher, distributor, etc Aladdin Books.
300 ## - PHYSICAL DESCRIPTION
Extent 1 v. (unp.) ; col.; ill.
520 ## - SUMMARY, ETC.
Summary, etc Retells the Old testament story of how the baby moses was sved from death by the Pharoah's daughter.
650 ## - SUBJECT ADDED ENTRY--TOPICAL TERM
Topical term or geographic name as entry element Moses (Biblical leader)
650 ## - SUBJECT ADDED ENTRY--TOPICAL TERM
Topical term or geographic name as entry element Bible, O. T. - biography
650 ## - SUBJECT ADDED ENTRY--TOPICAL TERM
Topical term or geographic name as entry element Moses - stories
650 ## - SUBJECT ADDED ENTRY--TOPICAL TERM
Topical term or geographic name as entry element Bible stories -- O.T.
650 ## - SUBJECT ADDED ENTRY--TOPICAL TERM
Topical term or geographic name as entry element Bible -- O.T. Stories
Holdings
Withdrawn status Lost status Damaged status Use restrictions Home library Current library Shelving location Date acquired Source of acquisition Total Checkouts Full call number Barcode Date last seen Price effective from Koha item type
        Elizalde Library Elizalde Library Main Section 11/11/2000     M 222.11 H88 1986 E4785 04/12/2014 04/12/2014 Books

Moses in the bulrushes /

APA

Hutton W., .Moses in the bulrushes. New York: Aladdin Books.

Chicago

Hutton Warwick, .Moses in the bulrushes. New York: Aladdin Books.

Harvard

Hutton W., .Moses in the bulrushes. New York: Aladdin Books.

MLA

Hutton Warwick, .New York: Aladdin Books. .

  • Place hold
  • Print
  • Cite
  • Add to your cart (remove)
  • Save record
    BIBTEX Dublin Core MARCXML MARC (non-Unicode/MARC-8) MARC (Unicode/UTF-8) MARC (Unicode/UTF-8, Standard) MODS (XML) RIS
  • More searches
    Search for this title in:
    Other Libraries (WorldCat) Other Databases (Google Scholar) Online Stores (Bookfinder.com) Open Library (openlibrary.org)

Exporting to Dublin Core...

SOUTHVILLE LIBRARY

Southville International School and Colleges Library

1281 Tropical Ave. Cor. Luxembourg St., BF Homes International, Las Pinas City

Tel. No. 8256374 / 252358 Loc. 117/146

Powered by Koha